Una democratización peculiar: Nicaragua en los 80/
Furkejuvvon:
| Váldodahkki: | |
|---|---|
| Eará dahkkit: | |
| Materiálatiipa: | Dovdameahttun |
| Almmustuhtton: |
San José:
FLACSO. Programa Costa Rica
|
| Fáttát: | |
| Fáddágilkorat: |
Lasit fáddágilkoriid
Eai fáddágilkorat, Lasit vuosttaš fáddágilkora!
|
MARC
| LEADER | 00000 a2200000 04500 | ||
|---|---|---|---|
| 001 | 11751 | ||
| 003 | cru CIDCACS/IIS | ||
| 005 | 20230817085120.0 | ||
| 008 | 991231s1995 cr d | ||
| 020 | |a 9977-68-070-1 | ||
| 040 | |a CRAI/IIS |c CRAI/IIS | ||
| 090 | |a 04.02.02 T164i | ||
| 100 | 1 | |a Serra Vázquez, Luis Héctor |9 10623 | |
| 245 | |a Una democratización peculiar: |b Nicaragua en los 80/ |c Luis H. Serra Vásquez; Klaus-Dieter Tangermann, compilador | ||
| 260 | |a San José: |b FLACSO. Programa Costa Rica | ||
| 300 | |a páginas 263-311 | ||
| 650 | |a DEMOCRACIA | ||
| 650 | |a DEMOCRATIZACION | ||
| 650 | |a CONDICIONES SOCIALES | ||
| 650 | |a CAMBIO SOCIAL | ||
| 650 | |a PARTICIPACION SOCIAL | ||
| 650 | |a PARTICIPACION POLITICA | ||
| 650 | |a ELECCIONES | ||
| 650 | |a COMPORTAMIENTO POLITICO | ||
| 650 | |a PARTIDOS POLITICOS | ||
| 650 | |a NICARAGUA | ||
| 700 | |9 11596 |a Tangermann, Klaus Dieter | ||
| 942 | |2 z |c LI | ||
| 999 | |c 2653 |d 2653 | ||
| 773 | 0 | |0 11683 |9 9641 |a Tangermann, Klaus-Dieter |d San José: FLACSO. Programa Costa Rica 1995 |o 24003 |t Ilusiones y dilemas: la democracia en Centroamérica / |w (cru CIDCACS/IIS)11748 |z 9977-608-70-1 | |



